[Event "RUS Cup Final Men 2018"]
[Site "Khanty-Mansiysk"]
[Date "2018.12.06"]
[Round "1.3"]
[White "Sarana, Alexey"]
[Black "Pridorozhni, Aleksei"]
[Result "1-0"]
[WhiteElo "2618"]
[BlackElo "2567"]
[Annotator "TA"]
[PlyCount "111"]
[EventDate "2018.12.05"]
[EventType "k.o."]
[EventCountry "RUS"]
[SourceTitle "playchess.com"]
[Source "ChessBase"]
[SourceQuality "1"]

{[%evp 22,111,58,55,87,85,89,89,121,102,174,118,118,123,135,96,108,114,194,92,92,94,138,112,119,112,120,99,192,176,229,214,211,200,186,179,188,192,299,214,319,327,321,332,308,311,281,166,142,148,258,230,282,270,266,133,70,0,430,443,410,275,292,282,270,163,163,152,289,282,346,320,463,420,627,620,742,739,739,735,705,693,787,648,737,703,777,795,1063,1057,957,986]} 1. d4 g6 2. c4 Bg7 3. Nc3 Nf6 4. e4 d6 5. h3 O-O 6. Be3 Na6 7. Nf3 e5 8. d5 Nc5 9. Nd2 a5 10. a3 Nfd7 11. g4 {E90: King's Indian: Classical: Early deviations and 6 h3} a4 (11... f5 12. gxf5 gxf5 13. exf5 Nf6 14. Qc2 e4 15. O-O-O Bxf5 16. Bxc5 dxc5 17. f3 {0-1 (35) Urkedal,F (2509)-Vovk,A (2606) Trieste 2015}) 12. h4 {LiveBook: 5 Games} Nb6 13. Be2 {White is better.} Bd7 14. Qc2 c6 15. O-O-O cxd5 (15... Ra5 $16 {might work better.}) 16. cxd5 (16. Bxc5 $1 $18 dxc5 17. exd5) 16... Rc8 17. Kb1 f5 18. f3 $146 ({Predecessor:} 18. gxf5 gxf5 19. Rdg1 Kh8 20. f3 f4 21. Bf2 {½-½ (21) Dao,T (2482)-Pascua,H (2423) Ho Chi Minh City 2015}) 18... fxg4 19. fxg4 Qe7 (19... Rf4 $16) 20. h5 (20. g5 $1 $18 {has better winning chances.}) 20... g5 $16 21. h6 Bf6 22. Rc1 Be8 23. Qd1 Bg6 24. Ka2 Be8 (24... Bh8 $16) 25. Bb5 $1 $18 Bxb5 (25... Bg6 {was worth a try.} 26. Ne2 Ncd7 27. Rxc8 Rxc8) 26. Nxb5 Qd7 27. Qe2 Be7 28. Nc3 Qd8 29. Rhf1 Rf4 (29... Nbd7 $142 30. Rf5 Qe8) 30. Bxf4 exf4 {[#]} (30... gxf4 $142 31. g5 Kh8) 31. e5 $1 dxe5 32. Qxe5 {[%csl Gh6][%cal Re5g7]} Bf6 33. Qf5 Bxc3 34. Rxc3 (34. d6 $142 Bxd2 35. Rxc5 Rxc5 36. Qxc5) 34... Qxd5+ 35. Kb1 Rc6 (35... Qxf5+ $16 36. gxf5 Nd5) 36. Qc2 {aiming for Rd1.} Nbd7 {[#]} 37. Nf3 $1 Rd6 38. Re1 (38. Rc4 $18 {Hoping for Rd4.} Rxh6 39. Rd4) 38... b6 $16 39. Re7 $40 {[%mdl 128] White attacks.} ({White should try} 39. Re8+ $14 Kf7 40. Rh8) 39... Qd1+ $2 {[%mdl 8192]} (39... Rxh6 $11 {and Black stays safe.} 40. Re1 Rd6) 40. Qxd1 $18 Rxd1+ 41. Kc2 Rd6 42. Rg7+ ({Don't take} 42. Nxg5 $6 Rxh6 43. Rh3 Rc6 $18) 42... Kh8 43. Nxg5 {[%cal Rg5f7]} Rxh6 44. Re7 {Strongly threatening Nf7+.} Rh2+ (44... Rg6 $16) 45. Kb1 Nf6 46. Rc1 Nd5 (46... Rd2 {is a better defense.} 47. Rf7 Nxg4) 47. Rf7 h6 {[#]} (47... Kg8 $142 48. Rd1 h6 49. Rxd5 hxg5) 48. Ne6 $1 {[%mdl 512] White is clearly winning.} Kg8 (48... Nxe6 49. Rc8+) 49. Rf8+ Kh7 50. Nxc5 bxc5 51. Rxc5 {KRR-KRN} Rd2 52. Rf5 Rd1+ 53. Ka2 Ne3 54. Rxf4 Rg1 55. Rxa4 {White wants to mate with Ra7+.} Nxg4 56. Ra6 {Precision: White = 74%, Black = 32%.} 1-0

[Event "RUS Cup Final Men 2018"]
[Site "Khanty-Mansiysk"]
[Date "2018.12.06"]
[Round "1.3"]
[White "Tsydypov, Zhamsaran"]
[Black "Paravyan, David"]
[Result "0-1"]
[WhiteElo "2529"]
[BlackElo "2634"]
[Annotator "TA"]
[PlyCount "88"]
[EventDate "2018.12.05"]
[EventType "k.o."]
[EventCountry "RUS"]
[SourceTitle "playchess.com"]
[Source "ChessBase"]
[SourceQuality "1"]

{[%evp 9,88,20,21,22,28,20,20,18,20,23,39,25,33,26,35,25,43,19,24,11,18,7,20,0,0,-31,-14,-77,-54,-36,-56,-119,-36,-92,-47,-47,-38,-57,-70,-56,-50,-52,0,0,55,63,56,-24,-36,-59,-11,-8,-8,-21,-7,-243,-246,-259,-249,-641,-636,-539,-207,-151,-160,-124,-89,-68,-77,-221,-170,-168,-140,-120,-119,-986,-963,-1127,-938,-29995,-29996]} 1. e4 e5 2. Nf3 Nc6 3. Bb5 g6 4. b3 (4. d4 exd4 5. c3 Nge7 6. cxd4 d5 7. exd5 Nxd5 8. O-O Bg7 9. Bxc6+ bxc6 10. Bg5 Qd6 11. Re1+ Be6 12. Nbd2 O-O 13. Ne4 Qb4 14. Qc1 Rfe8 15. Bd2 Qb6 16. Nc5 Bf5 17. Ne5 Rad8 18. h3 Nf6 19. Nb3 Rd5 20. Nxc6 Rxe1+ 21. Bxe1 Bf8 22. Ne5 {1-0 (46) Naiditsch,A (2721)-Nakamura,H (2763) Douglas 2018}) 4... a6 $146 ({Predecessor:} 4... Bg7 5. Bxc6 bxc6 6. Bb2 d6 7. d4 Bg4 8. dxe5 Bxe5 9. Bxe5 dxe5 10. Qxd8+ Rxd8 11. Nbd2 f6 {1-0 (49) Savic,M (2574)-Dudukovic,N (2108) Smederevska Palanka 2016}) 5. Bxc6 dxc6 6. Bb2 {C60: Ruy Lopez: Unusual Black 3rd moves and 3...g6} f6 7. d4 exd4 8. Qxd4 {The position is equal.} Qxd4 9. Nxd4 Bb4+ 10. Nd2 Nh6 11. f3 O-O 12. O-O-O a5 13. Nc4 a4 14. a3 Be7 15. b4 Nf7 16. Ne3 Rd8 17. b5 Bd7 18. Rd2 (18. Rhe1 $11) 18... Nd6 19. bxc6 bxc6 20. Rhd1 {[#]} ({White should try} 20. Rd3 $15) 20... Kf7 (20... f5 $1 $17 {Threatens to win with ...Bg5.} 21. Ne2 fxe4) 21. c4 (21. Rd3 $15) 21... Be8 22. Ndc2 Rdb8 23. e5 fxe5 24. Bxe5 Rb3 25. Rd3 Rab8 (25... Ra5 $15 26. f4 Rc5) 26. Nb4 $11 Nb7 (26... Rxd3 $11 27. Rxd3 Rd8) 27. Rxb3 $14 axb3 28. Kb2 (28. Bxc7 $14 Rc8 29. Bb6) 28... Nc5 $11 29. Bxc7 Rb7 30. Be5 Na4+ 31. Kb1 g5 32. Nf5 $2 (32. Bb2 $11) 32... Bxb4 $19 33. axb4 Ke6 {[%mdl 64] Double Attack} 34. g4 $2 (34. Ng7+ Kxe5 35. Re1+ Kd4 36. Nf5+ Kc3 37. Rxe8) 34... Kxe5 35. Re1+ Kf4 $2 (35... Kf6 36. Re3 Bf7 37. Rxb3 Bxc4) 36. Rxe8 Kxf3 {[%mdl 4096] Endgame KRN-KRN} 37. Nd4+ Kxg4 38. Nxc6 Kh3 $1 39. b5 (39. c5 $17 {was worth a try.}) 39... Kxh2 {Hoping for ...Rd7.} 40. Ne5 Kh3 41. Rg8 h6 {White must now prevent ...Re7.} 42. Rg6 $2 {[%mdl 8192] [#]} (42. Ra8 $17 Nc3+ 43. Kb2 Nxb5 44. cxb5) 42... Re7 $1 {[%cal Re7e5]} 43. Rxh6+ Kg3 44. Nd3 Re2 {Accuracy: White = 27%, Black = 48%.} 0-1

[Event "RUS Cup Final Men 2018"]
[Site "Khanty-Mansiysk"]
[Date "2018.12.06"]
[Round "1.3"]
[White "Sorokin, Aleksey"]
[Black "Chigaev, Maksim"]
[Result "1-0"]
[WhiteElo "2524"]
[BlackElo "2606"]
[Annotator "TA"]
[PlyCount "89"]
[EventDate "2018.12.05"]
[EventType "k.o."]
[EventCountry "RUS"]
[SourceTitle "playchess.com"]
[Source "ChessBase"]
[SourceQuality "1"]

{[%evp 20,89,48,39,85,79,98,12,39,0,6,-26,96,110,152,156,139,136,278,262,314,314,312,317,374,0,291,253,231,216,240,217,225,230,225,177,145,111,145,97,159,77,76,77,77,87,98,82,62,62,296,296,296,296,306,292,291,291,484,483,468,428,586,403,2027,1874,1478,1688,1539,1410,1156,1082]} 1. d4 g6 2. c4 Bg7 3. Nc3 Nf6 4. e4 d6 5. f3 O-O 6. Be3 c5 7. Nge2 Nc6 8. d5 Ne5 9. Ng3 h5 10. Be2 {E81: King's Indian: Sämisch: 6th move deviations (including 6 Be3 c6)} h4 11. Nf1 {LiveBook: 141 Games} b5 $146 ({Predecessor:} 11... e6 12. Bg5 exd5 13. Nxd5 h3 14. gxh3 Bxh3 15. Ng3 Qa5+ 16. b4 Qd8 17. bxc5 Qa5+ {½-½ (89) Sethuraman,S (2631)-Jones,G (2675) Dubai 2018}) 12. cxb5 {White is better.} a6 {[#]} 13. Nd2 ({White should try} 13. a4 $1 $16) 13... h3 14. g4 {[%cal Bg2g4,Bg4g5][%mdl 32] next a4 is good for White.} axb5 15. Nxb5 Qa5 (15... e6 $1 $11 {remains equal.}) 16. O-O $16 Ba6 17. a4 c4 18. g5 Nh7 (18... Nfd7 $16 {might work better.}) 19. f4 $18 (19. Nxc4 $6 Nxc4 20. Bxc4 Qb4 $16) 19... Nd7 20. Nxc4 Qb4 21. Qe1 Qb3 22. Qd1 Qb4 $1 23. Qd2 Qxd2 24. Nxd2 Bxb2 25. Rab1 Ba3 26. Kf2 Bc5 27. Rfc1 {And now Nc7 would win.} f6 {intending ...fxg5.} 28. Bg4 {[%mdl 64] Double Attack} Bxb5 29. axb5 Ra2 ({Black should play} 29... Bxe3+ 30. Kxe3 Nc5) 30. Bxd7 (30. Be6+ $142 Kg7 31. Ke2 (31. Bxd7 Rxd2+ 32. Kf3 Rxh2 $14) 31... Bxe3 32. Kxe3) 30... Rxd2+ $16 31. Kf3 Nxg5+ 32. fxg5 fxg5+ 33. Bf5 $1 g4+ 34. Kf4 g5+ $2 (34... Rxh2 $14 35. b6 (35. Bxc5 dxc5 36. b6 gxf5 $14) 35... gxf5) 35. Kxg4 $18 Bxe3 {[#]} 36. b6 $1 {[%cal Rb6b7] Hoping for b7.} ({Not} 36. Kxh3 Kg7 $16) 36... Rxh2 37. Rc8 Rxc8 38. Bxc8 {[%mdl 4096] Endgame KRB-KRB} Rc2 $2 (38... Kg7 39. Kf3 Rc2) 39. Be6+ Kg7 {aiming for ...h2.} 40. Kxh3 Rc3 41. Kg2 Kf6 (41... Bxb6 $142 42. Rxb6 Kf6) 42. b7 {White is clearly winning.} Ba7 43. Ra1 Bb8 44. Ra8 Bc7 45. Rc8 {Accuracy: White = 53%, Black = 36%.} 1-0

[Event "RUS Cup Final Men 2018"]
[Site "Khanty-Mansiysk"]
[Date "2018.12.06"]
[Round "1.3"]
[White "Drygalov, Andrey"]
[Black "Alekseenko, Kirill"]
[Result "0-1"]
[WhiteElo "2481"]
[BlackElo "2638"]
[Annotator "TA"]
[PlyCount "139"]
[EventDate "2018.12.05"]
[EventType "k.o."]
[EventCountry "RUS"]
[SourceTitle "playchess.com"]
[Source "ChessBase"]
[SourceQuality "1"]

{[%evp 20,139,21,12,21,16,26,4,6,5,8,7,7,0,1,0,10,0,7,0,0,0,4,0,8,-4,0,0,0,-40,-25,-31,-26,-26,-26,-77,0,-177,-180,-166,-178,-186,-186,-155,-170,-184,-172,-154,-98,-112,-89,-82,-82,-86,-83,-157,-97,-97,-82,-101,-89,-101,-101,-101,-101,-101,-36,-106,-58,-82,-34,-38,-5,-27,-27,-27,0,-27,-5,-56,-12,-10,-1,-84,-89,-117,-12,-313,-311,-310,-281,-304,-285,-258,-236,-319,-312,-258,-251,-879,-877,-822,-782,-870,-862,-1107,-1107,-1107,-1100,-1076,-1068,-3509,-3509,-3509,-3509,-29978,-29979,-29979,-29979,-29978,-29979,-6087]} 1. e4 e5 2. Nf3 Nc6 3. Bc4 Bc5 4. O-O Nf6 5. d3 d6 6. a4 a6 {C50: Hungarian Defence and Giuoco Pianissimo} 7. c3 Ba7 8. Nbd2 O-O 9. h3 h6 10. Re1 Re8 11. b4 {LiveBook: 39 Games} (11. Nf1 Be6 12. Bxe6 Rxe6 13. Be3 Bxe3 14. Nxe3 d5 {½-½ (32) Anand,V (2768)-Grischuk,A (2766) Saint Louis 2018}) 11... Be6 12. Bxe6 Rxe6 13. Nb3 Ne7 14. Qc2 Ng6 15. Be3 Bxe3 {[#]} 16. fxe3 $146 ({Predecessor:} 16. Rxe3) 16... Nh7 17. Rf1 Ng5 18. Qe2 Nxf3+ 19. Qxf3 Qe7 20. Qh5 Rf8 21. Ra2 Rf6 22. Rxf6 Qxf6 23. Qf5 Qe7 24. b5 Nh4 25. Qg4 f5 26. exf5 Nxf5 27. Re2 (27. bxa6 $11 bxa6 28. Qc4+ Kh8 29. Re2) 27... h5 (27... axb5 $17 28. axb5 e4) 28. Qg6 $2 (28. Qc4+ $11 Qf7 29. Qxf7+ Rxf7 30. e4) 28... Rf6 $36 {[%mdl 2048] Black is in control.} 29. Qxh5 Ng3 {[%mdl 64] Double Attack} 30. Qg4 Nxe2+ 31. Qxe2 {[%mdl 4096] Endgame KQR-KQN} d5 32. d4 axb5 33. axb5 e4 ({Black should try} 33... Rg6 34. Nd2 exd4 35. cxd4 Re6) 34. Nc5 $17 b6 35. Na6 c5 36. bxc6 Rxc6 37. Qb5 (37. Nb4 $142 Rd6 38. Qg4) 37... Rd6 (37... Rxc3 $142 38. Qxd5+ Kf8 39. Qf5+ Qf6 40. Qxe4 g6) 38. Nb4 Qg5 39. Qe2 Kh7 40. Kh1 Rd8 41. Kh2 Rc8 42. Qe1 Rc7 (42... b5 $17) 43. Qd2 ({White should play} 43. Qg3 $15 Qxg3+ 44. Kxg3) 43... Rf7 44. Qe1 Rf6 45. Qg3 Qh5 46. Qc7 Rg6 {Hoping for ...Qe2.} 47. g4 Qh4 (47... Qg5 {is more complex.} 48. Qe5 Qxe5+ 49. dxe5 Re6 50. Kg3 g5) 48. Qg3 Qd8 49. Kg2 (49. Qe5 $11) 49... Rf6 {aiming for ...Rf3.} 50. Qe5 Rd6 51. Qh5+ (51. h4 $11 {keeps the balance.}) 51... Kg8 52. Qf5 Qf8 (52... g5 $17 {White should prevent ...Kg7.} 53. h4 gxh4) 53. Nxd5 $2 {[%mdl 8192]} (53. Kg3 $1 $11 {and White stays safe.}) 53... Qxf5 $19 54. Ne7+ {[#]} Kf8 $1 {( -> ...Qf3+)} 55. Nxf5 {KR-KN} Rc6 56. Kf2 Rxc3 57. Nd6 Rc2+ 58. Ke1 Rc6 59. Nf5 $2 (59. Nb5) 59... b5 {[%cal Bb6b5,Bb5b4][%mdl 32]} 60. d5 Rc3 61. Kd2 Rd3+ 62. Kc2 b4 63. h4 g6 64. Nd6 Rxe3 65. Kb2 Ke7 66. Nc4 Rg3 67. g5 e3 {Black mates.} 68. Kc2 {[#]} b3+ $1 69. Kd3 (69. Kxb3 e2+) 69... Rg2 70. d6+ {Accuracy: White = 40%, Black = 55%.} 0-1

[Event "RUS Cup Final Men 2018"]
[Site "Khanty-Mansiysk"]
[Date "2018.12.06"]
[Round "1.4"]
[White "Alekseenko, Kirill"]
[Black "Drygalov, Andrey"]
[Result "*"]
[WhiteElo "2638"]
[BlackElo "2481"]
[Annotator "TA"]
[PlyCount "37"]
[EventDate "2018.12.05"]
[EventType "k.o."]
[EventCountry "RUS"]
[SourceTitle "playchess.com"]
[Source "ChessBase"]
[SourceQuality "1"]

{[%evp 24,37,-14,-18,0,0,14,-20,0,0,0,-10,0,-22,0,0]} 1. e4 c5 2. Nf3 e6 3. d4 cxd4 4. Nxd4 a6 5. Nc3 Qc7 6. Be2 Nf6 7. O-O d6 8. f4 Be7 9. Be3 b5 10. Bf3 Bb7 11. a3 Nbd7 {[%cal Bb8d7,Bd7c5,Bc5e6][%mdl 32]} 12. Qe2 {B84: Sicilian Scheveningen: 6 Be2 a6, lines without early Be3} (12. Nb3 Rc8 13. Qe2 O-O 14. g4 d5 15. exd5 Nxd5 16. Nxd5 Bxd5 17. Bxd5 exd5 18. c3 Rfe8 19. Qf3 Nf6 20. Nd2 Bc5 21. Bxc5 Qxc5+ {½-½ (56) Atabayev,Y (2473)-Jakovenko,D (2704) Doha 2016}) 12... O-O 13. Rad1 {LiveBook: 3 Games. The position is equal.} Rac8 14. g4 Nc5 {[%cal Rf6e4]} 15. Bf2 $146 ({Predecessor:} 15. Qg2 Nfd7 16. g5 Rfe8 17. f5 Bf8 18. fxe6 Nxe6 19. Nf5 Ne5 20. Rf2 {½-½ (20) Krieger,H (2172)-Neese,H (2230) Bad Woerishofen 2011}) 15... e5 16. Nf5 Ne6 17. fxe5 dxe5 18. Bg3 Bc5+ 19. Kh1 *

[Event "RUS Cup Final Men 2018"]
[Site "Khanty-Mansiysk"]
[Date "2018.12.06"]
[Round "1.4"]
[White "Paravyan, David"]
[Black "Tsydypov, Zhamsaran"]
[Result "*"]
[WhiteElo "2634"]
[BlackElo "2529"]
[Annotator "TA"]
[PlyCount "49"]
[EventDate "2018.12.05"]
[EventType "k.o."]
[EventCountry "RUS"]
[SourceTitle "playchess.com"]
[Source "ChessBase"]
[SourceQuality "1"]

{[%evp 9,49,35,27,23,31,31,26,12,31,34,29,33,56,20,22,24,65,64,150,45,50,53,52,68,70,56,69,64,67,62,96,0,0,0,0,0,0,0,0,0,0,0]} 1. d4 f5 2. Bg5 g6 3. Nc3 Bg7 4. f3 (4. e3 d5 5. h4 c6 6. Nf3 Nd7 7. Bd3 Ngf6 8. h5 Qb6 9. Rb1 Ne4 10. Bf4 Rg8 11. O-O Bf6 12. hxg6 hxg6 13. Na4 Qd8 14. c4 {0-1 (36) Sunilduth Lyna,N (2536)-Caruana,F (2813) Douglas 2016}) 4... Nc6 5. e3 d6 6. Bc4 $146 {A80: Dutch Defence: Unusual White second moves} ({Predecessor:} 6. Nge2 Nf6 7. Qd2 a6 8. O-O-O b5 9. e4 h6 10. Bxf6 Bxf6 11. Nd5 {0-1 (58) Drakaki,A (1910)-Cherednichenko,S (2290) Anogia 2013}) 6... h6 7. Bh4 Nf6 8. Nge2 {White has an edge.} e5 9. dxe5 Nxe5 10. Bb3 c6 11. O-O Qe7 12. Qd2 Be6 13. e4 $1 Nc4 ({Black should try} 13... fxe4 $14 14. Bxf6 (14. fxe4 Bxb3 15. axb3 O-O $11) 14... Bxf6) 14. Qc1 (14. Bxc4 $16 Bxc4 15. exf5) 14... fxe4 $14 15. Nf4 g5 16. Ng6 {[%mdl 64] [#] Double Attack} Qd7 17. Nxh8 gxh4 18. Ng6 (18. fxe4 Bxh8 19. Qxh6 Qg7 $15) 18... h3 $1 19. Nf4 $1 (19. fxe4 hxg2 20. Rf3 (20. Kxg2 Bh3+ 21. Kh1 Bxf1 $11) 20... O-O-O $11) (19. Nxe4 Nxe4 20. Bxc4 Bd4+ 21. Kh1 Bxc4 $17) 19... hxg2 {[#]} 20. Re1 (20. Nxg2 $6 O-O-O $14) ({White should play} 20. Rf2 $1 $16) 20... Bf7 $11 {The position is equal.} 21. Nxe4 ({But not} 21. Kxg2 O-O-O $15) 21... O-O-O {Threatens to win with ...Nxe4.} 22. Bxc4 ({Don't go for} 22. Kxg2 $2 Nxe4 23. Bxc4 Rg8 $19) 22... Bxc4 23. Qe3 ({Much worse is} 23. Nxg2 Nxe4 24. Rxe4 Bd5 $17) 23... Nxe4 $1 24. Qxe4 Bf7 25. Rad1 {Accuracy: White = 67%, Black = 53%.} *

[Event "RUS Cup Final Men 2018"]
[Site "Khanty-Mansiysk"]
[Date "2018.12.06"]
[Round "1.4"]
[White "Chigaev, Maksim"]
[Black "Sorokin, Aleksey"]
[Result "*"]
[WhiteElo "2606"]
[BlackElo "2524"]
[Annotator "TA"]
[PlyCount "49"]
[EventDate "2018.12.05"]
[EventType "k.o."]
[EventCountry "RUS"]
[SourceTitle "playchess.com"]
[Source "ChessBase"]
[SourceQuality "1"]

{[%evp 17,49,11,17,16,19,8,13,14,20,7,25,24,44,41,93,81,89,64,86,39,39,39,41,24,85,18,202,206,208,199,187,195,166,182]} 1. e4 c6 2. d4 d5 3. e5 Bf5 4. h4 h5 5. Bd3 Bxd3 6. Qxd3 e6 7. Bg5 {B12: Caro-Kann: Advance Variation} Be7 8. Nf3 Nh6 9. Nbd2 (9. Nc3 Nd7 10. Ne2 c5 11. Nf4 cxd4 12. Nxh5 Qa5+ 13. Bd2 Qb6 14. Nxg7+ Kf8 {0-1 (41) Saric,I (2664)-Le,Q (2737) chess.com INT 2018}) 9... Nf5 {LiveBook: 14 Games} 10. c3 Nd7 11. g3 c5 $146 ({Predecessor:} 11... Qb6 12. Bxe7 Nxe7 13. O-O c5 14. a4 cxd4 15. cxd4 {1-0 (45) Borik,J (2233)-Gorusa,M (2093) Nove Zamky 1999}) 12. Kf1 Rc8 13. Kg2 a6 14. Nf1 Qb6 15. Ne3 g6 ({Black should try} 15... Nxe3+ $14 16. Qxe3 Bd8) 16. Nxf5 $16 gxf5 17. Qd2 Qd8 18. c4 {Black must now prevent cxd5.} Bxg5 19. hxg5 {[#] Hoping for cxd5.} Nb6 20. cxd5 Qxd5 (20... Nxd5 $11 {keeps the balance.} 21. Rh4 Ne7) 21. g6 (21. Rh4 $16) 21... cxd4 $2 {[#]} (21... fxg6 $11 {and Black is okay.} 22. Qg5 c4) 22. Qg5 $1 $18 {White is clearly better.} ({And not} 22. Qxd4 Qxd4 23. gxf7+ (23. Nxd4 fxg6 24. Nxe6 Kf7 $11) 23... Kxf7 $11) 22... Nd7 23. Rxh5 Rxh5 24. gxf7+ ({Much less strong is} 24. Qxh5 $6 fxg6 25. Qxg6+ Kd8 $16) 24... Kxf7 25. Qxh5+ {Accuracy: White = 57%, Black = 37%.} *

[Event "RUS Cup Final Men 2018"]
[Site "Khanty-Mansiysk"]
[Date "2018.12.06"]
[Round "1.4"]
[White "Pridorozhni, Aleksei"]
[Black "Sarana, Alexey"]
[Result "*"]
[WhiteElo "2567"]
[BlackElo "2618"]
[Annotator "RC"]
[PlyCount "40"]
[EventDate "2018.12.05"]
[EventType "k.o."]
[EventCountry "RUS"]
[SourceTitle "playchess.com"]
[Source "ChessBase"]
[SourceQuality "1"]
[TimeControl "900+10"]

1. e4 {[%emt 0:00:00]} c5 {[%emt 0:00:00]} 2. Nf3 {[%emt 0:00:00]} d6 {[%emt 0:00:00]} 3. d4 {[%emt 0:00:00]} cxd4 {[%emt 0:00:00]} 4. Nxd4 {[%emt 0:00:00]} Nf6 {[%emt 0:00:00]} 5. Nc3 {[%emt 0:00:00]} a6 {[%emt 0:00:11]} 6. Nb3 {[%emt 0:00:01]} Nbd7 {[%emt 0:00:14]} 7. g4 {[%emt 0:00:29]} b5 {[%emt 0:00:01]} 8. g5 {[%emt 0:00:42]} b4 {[%emt 0:00:01]} 9. Nd5 {[%emt 0:00:01]} Nxd5 {[%emt 0:00:24]} 10. exd5 {[%emt 0:00:02]} g6 {[%emt 0:00:20]} 11. Qd4 {[%emt 0:01:02]} Ne5 {[%emt 0:00:02]} 12. Qxb4 {[%emt 0:00:06]} Bg7 {[%emt 0:00:08]} 13. Be2 {[%emt 0:01:42]} a5 {[%emt 0:01:25]} 14. Qa4+ {[%emt 0:01:13]} Bd7 {[%emt 0:00:02]} 15. Bb5 {[%emt 0:00:02]} O-O {[%emt 0:00:10]} 16. Be3 {[%emt 0:00:37]} Bg4 {[%emt 0:00:48]} 17. f4 {[%emt 0:01:07]} Nd7 {[%emt 0:01:43]} 18. Rg1 {[%emt 0:00:23]} Bf5 {[%emt 0:00:59]} 19. O-O-O {[%emt 0:03:58]} Nb6 {[%emt 0:00:10]} 20. Bxb6 {[%emt 0:01:25]} Qxb6 {[%emt 0:00:01]} *

[Event "RUS Cup Final Men 2018"]
[Site "Khanty-Mansiysk"]
[Date "2018.12.06"]
[Round "1.4"]
[White "Bocharov, Dmitry"]
[Black "Predke, Alexandr"]
[Result "*"]
[WhiteElo "2533"]
[BlackElo "2622"]
[Annotator "TA"]
[PlyCount "33"]
[EventDate "2018.12.05"]
[EventType "k.o."]
[EventCountry "RUS"]
[SourceTitle "playchess.com"]
[Source "ChessBase"]
[SourceQuality "1"]

{[%evp 14,33,63,69,139,103,129,116,168,170,162,174,173,174,175,165,175,169,184,179,150,79]} 1. d4 e6 2. Nf3 b6 3. e4 Bb7 4. Bd3 c5 5. c3 cxd4 6. cxd4 Nf6 7. Qe2 Nc6 8. a3 {LiveBook: 15 Games} h6 $146 {B00: Queen's Fianchetto Defence, Nimzowitsch Defence} (8... Be7 $14) ({Predecessor:} 8... Be7 9. Nc3 Na5 10. Bf4 d5 11. e5 Ne4 12. Nxe4 dxe4 13. Bxe4 Bxe4 14. Qxe4 Rc8 15. O-O Nc4 16. Rab1 {1-0 (52) Martynov,P (2402)-Graf,F (2488) Deizisau 2014}) 9. Nc3 g5 10. Be3 Bg7 (10... d5 $16) 11. e5 $18 {Threatens to win with Nb5.White is clearly better.} Nd5 12. Nxd5 exd5 13. h4 g4 14. Nd2 h5 15. Bg5 Qb8 16. Qe3 d6 {[%cal Rd6e5] [#]} 17. exd6+ ({White should play} 17. Bf6 $1 {[%cal Rf6g7]} Bh6 18. f4) *

[Event "RUS Cup Final Men 2018"]
[Site "Khanty-Mansiysk"]
[Date "2018.12.06"]
[Round "1.5"]
[White "Tsydypov, Zhamsaran"]
[Black "Paravyan, David"]
[Result "0-1"]
[WhiteElo "2529"]
[BlackElo "2634"]
[Annotator "TA"]
[PlyCount "103"]
[EventDate "2018.12.05"]
[EventType "k.o."]
[EventCountry "RUS"]
[SourceTitle "playchess.com"]
[Source "ChessBase"]
[SourceQuality "1"]

{[%evp 21,103,-16,-18,-29,-27,-56,-28,-68,-4,-6,-8,-55,-51,-172,-168,-160,-148,-174,-145,-199,-202,-243,-22,0,0,-342,-343,-327,-357,-406,-383,-391,-397,-384,-387,-504,-504,-499,-467,-577,-567,-864,-825,-904,-552,-835,-824,-785,-573,-1008,-853,-862,-855,-838,-837,-1864,-1854,-1743,-1007,-906,-620,-699,-698,-875,-863,-906,-885,-2006,-1641,-1240,-989,-1433,-950,-29965,-29967,-29983,-1673,-5277,-1288,-609,-504,-29994,-29995,-29997]} 1. c4 g6 2. Nf3 Bg7 3. Nc3 c5 4. g3 Nc6 5. Bg2 e6 6. O-O Nge7 7. d3 O-O 8. Bd2 d5 9. a3 b6 10. Rb1 Bb7 11. cxd5 Nxd5 {LiveBook: 27 Games} 12. Ne4 $146 {A37: Symmetrical English vs ...g6: 4 Bg2 Bg7 5 Nf3} ({Predecessor:} 12. Nxd5 Qxd5 13. b4 cxb4 14. axb4 Nd4 15. Ne1 Qd7 16. Bxb7 Qxb7 17. Nc2 b5 18. Nxd4 Bxd4 19. Qb3 Rfc8 20. Rfc1 Rxc1+ 21. Rxc1 {½-½ (49) Petr,M (2530)-Luch,M (2437) Czechia 2014}) 12... a5 13. h4 Rc8 14. h5 {Black has an edge.} Nd4 ({Black should try} 14... gxh5 $15 15. Qb3 Nd4 16. Nxd4 cxd4) 15. hxg6 $11 hxg6 16. Nh4 Qd7 17. g4 ({Better is} 17. Re1 $15) 17... e5 $1 $19 18. e3 Ne6 19. Qe2 Rcd8 20. Rfd1 (20. g5 $17) 20... Ba6 21. Bc3 {[#] Now g5 and White clings on.} Nxc3 $2 (21... Qe7 $1 $19 {[%cal Re7h4]} 22. g5 Nxg5) 22. bxc3 $11 Bxd3 {[%mdl 64] [#] Double Attack} 23. Qe1 $2 {[%mdl 8192]} (23. Qxd3 $1 $11 {[%mdl 512]} Qxd3 24. Rxd3 Rxd3 25. Bf1) 23... Qe7 $19 24. Rxd3 Rxd3 25. Nf3 f5 26. gxf5 gxf5 27. Ng3 e4 28. Nh2 Bxc3 29. Qe2 Qd6 30. Kh1 Ng7 31. Nxe4 fxe4 32. Bxe4 c4 {[%cal Bc5c4,Bc4d3,Bd3d2][%mdl 32]} 33. Ng4 Qe6 34. f3 Rfd8 35. Qf1 Qd6 36. Bxd3 cxd3 37. Rd1 Kf7 38. Kg2 Nf5 39. Qf2 d2 40. e4 Nd4 41. Qh4 {and the idea Qh7+ leaves White hopeful.} Rg8 42. Qh5+ Kf8 {...Qf4 is the strong threat.} 43. Kf2 Qf4 44. Ne5 Qg3+ 45. Ke3 Nc2+ 46. Kd3 Qxe5 47. Qh6+ Ke7 48. Kxc2 Bd4 (48... Qc5 $142 49. Kd3 Rd8+ 50. Ke2 Qc4+ 51. Kf2 Bd4+ 52. Kg3 Rg8+ 53. Kh3 Qf7 54. Qh4+ Bf6 55. Qg3 Qh5+ 56. Kg2 Rxg3+ 57. Kxg3 Qg5+ 58. Kh2 Be5+ 59. f4 Bxf4+ 60. Kh1 Qg3 61. Rxd2 Bxd2 62. e5 Bf4 63. a4 Qh2#) 49. Qh7+ Kf8 50. Qh6+ Ke8 {( -> ...Qc5+)} 51. Qh4 (51. Qc6+ $19 Ke7 52. Rxd2 Qc5+ 53. Qxc5+ bxc5 54. Kb3) 51... Qc5+ {[%mdl 64] Double Attack} 52. Kd3 {Accuracy: White = 23%, Black = 46%.} 0-1